Engineering thermodynamics (Record no. 17685)
[ view plain ]
| 000 -LEADER | |
|---|---|
| fixed length control field | 00378nam a22001577a 4500 |
| 003 - CONTROL NUMBER IDENTIFIER | |
| control field | OSt |
| 008 - FIXED-LENGTH DATA ELEMENTS--GENERAL INFORMATION | |
| fixed length control field | 230509b |||||||| |||| 00| 0 eng d |
| 020 ## - INTERNATIONAL STANDARD BOOK NUMBER | |
| ISBN | 9789355282002 |
| 041 ## - LANGUAGE CODE | |
| Language code of text/sound track or separate title | eng |
| 082 ## - DEWEY DECIMAL CLASSIFICATION NUMBER | |
| Classification number | 621.4021 |
| Item number | MOY/EN |
| 100 ## - MAIN ENTRY--AUTHOR NAME | |
| Personal name | Moyer, James ambrose |
| 245 ## - TITLE STATEMENT | |
| Title | Engineering thermodynamics |
| 260 ## - PUBLICATION, DISTRIBUTION, ETC. (IMPRINT) | |
| Place of publication | Chennai |
| Year of publication | 2022 |
| 300 ## - PHYSICAL DESCRIPTION | |
| Number of Pages | 203 |
| 942 ## - ADDED ENTRY ELEMENTS (KOHA) | |
| Koha item type | Book Bank scheme for SC students |
| 260 ## - PUBLICATION, DISTRIBUTION, ETC. (IMPRINT) | |
| -- | Maxwell press |
| Withdrawn status | Lost status | Damaged status | Collection code | Home library | Current library | Shelving location | Date acquired | Source of acquisition | Cost, normal purchase price | Full call number | Accession Number | Koha item type |
|---|---|---|---|---|---|---|---|---|---|---|---|---|
| General Books | KAUAET | KAUAET | Scheme | 24/03/2023 | Aman book stall,calicut | 895.00 | 621.4021 MOY/EN | BB 659 | Book Bank scheme for SC students | |||
| General Books | KAUAET | KAUAET | Scheme | 24/03/2023 | Aman book stall,calicut | 895.00 | 621.4021 MOY/EN | 26130 | Books |
